书目信息 |
| 题名: |
大学英语四级考试710分快速突破词汇
|
|
| 作者: | 方振宇总 主编 | |
| 分册: | ||
| 出版信息: | 北京 外语教学与研究出版社 2007.01 |
|
| 页数: | 256页 | |
| 开本: | 28cm | |
| 丛书名: | ||
| 单 册: | ||
| 中图分类: | H310.42 | |
| 科图分类: | ||
| 主题词: | 英语 | |
| 电子资源: | ||
| ISBN: | 978-7-5600-6118-4 | |
| 000 | 00665nam0 2200229 45 | |
| 001 | 0958524332 | |
| 005 | 20091112093041.10 | |
| 010 | @a978-7-5600-6118-4@dCNY21.90 | |
| 100 | @a20090515d2007 ekmy0 y0120 ea | |
| 102 | @aCN@b130000 | |
| 102 | @aCN@b110000 | |
| 105 | @ay z 000yy | |
| 200 | 1 | @a大学英语四级考试710分快速突破词汇@f方振宇总主编@Ffang zhen yu zong zhu bian |
| 210 | @a北京@c外语教学与研究出版社@d2007.01 | |
| 210 | @a北京@c外语教学与研究出版社 | |
| 215 | @a256页@d28cm | |
| 606 | 0 | @a英语 |
| 690 | @aH310.42@v4 | |
| 701 | 0 | @a方振宇总@Afang zhen yu zong@4主编 |
| 801 | 0 | @aCN@c20091112 |
| 905 | @a10447@dH310.42@eF2701 | |
| 906 | @d22@n1@r1 | |
| 大学英语四级考试710分快速突破词汇/方振宇总主编.-北京:外语教学与研究出版社,2007.01.-北京:外语教学与研究出版社 |
| 256页;28cm |
| ISBN 978-7-5600-6118-4:CNY21.90 |
| ● |
| 相关链接 |
|
|
|
正题名:大学英语四级考试710分快速突破词汇
索取号:H310.42/F2701
 
预约/预借
| 序号 | 登录号 | 条形码 | 馆藏地/架位号 | 状态 | 备注 |
| 1 | 895910 | 208959108 | 语言库209/209语言库 96排2列1层/ [索取号:H310.42/F2701] | 在馆 |